The Express : la historia de Ernie Davis = The Express : The Ernie Davis Story /
Historia del jugador de fútbol americano Ernie Davis, quien jugó para la Syracuse University, y quien en 1961 logró ser el primer hombre afroamericano en ganar el Trofeo Heisman, reconocimiento al jugador más valioso de fútbol americano colegial. El filme indaga los problemas de racismo y discrimina...
Guardado en:
| Autor principal: | |
|---|---|
| Otros autores: | , , , , , , , , |
| Formato: | |
| Idioma: | Inglés |
| Temas: | |
| Etiquetas: |
Sin etiquetas, Sé el primero en etiquetar este registro!
|
MARC
| LEADER | 00000ngm^a2200000^a^4500 | ||
|---|---|---|---|
| 001 | 000555687 | ||
| 005 | 20250521000000.0 | ||
| 009 | 20260310131723.816 | ||
| 037 | |a Acervo ITESO - Biblioteca | ||
| 041 | |a ING | ||
| 082 | |a 810. |b FLE | ||
| 100 | |a Fleder, Gary |e (realización) | ||
| 245 | 1 | 4 | |a The Express : |b la historia de Ernie Davis = The Express : The Ernie Davis Story / |c Realización de G. Fleder. |
| 264 | 2 | |a México : |b Universal Pictures [distribución], |c 2009, c2009 | |
| 300 | |a 1 DVD regiones 1, 2 y 4 (130 min.) : |b color | ||
| 336 | |a imagen móvil bidimensional |b tdi |2 rdacontenido | ||
| 337 | |a video |b v |2 rdamedio | ||
| 338 | |a videodisco |b vd |2 rdasoporte | ||
| 500 | |a Basado en: The Elmira Express: The Story of Ernie Davis, de Robert C. Gallagher | ||
| 506 | |a Ejemplar donado, disponible sólo para préstamo externo y uso individual, no autorizado para proyecciones colectivas | ||
| 520 | |a Historia del jugador de fútbol americano Ernie Davis, quien jugó para la Syracuse University, y quien en 1961 logró ser el primer hombre afroamericano en ganar el Trofeo Heisman, reconocimiento al jugador más valioso de fútbol americano colegial. El filme indaga los problemas de racismo y discriminación que vive la población afroamericana en el país, así como la relación con su entrenador deportivo. | ||
| 546 | |a En inglés, con subtítulos opcionales: español, inglés, japonés, portugués | ||
| 546 | |a Doblaje opcional: español, japonés, portugués | ||
| 649 | |a XX | ||
| 650 | |a Negros en EUA - |x Historia - |y Siglo XX | ||
| 650 | |a Deportistas Profesionales en el Cine | ||
| 650 | |a Deportistas Profesionales Norteamericanos - |x Biografías - |x Adaptaciones para Cine | ||
| 650 | |a Deportistas en el Cine | ||
| 650 | |a Deportistas Norteamericanos - |x Biografías - |x Adaptaciones para Cine | ||
| 650 | |a Entrenadores Deportivos en el Cine | ||
| 650 | |a Entrenadores Deportivos Norteamericanos | ||
| 650 | |a Películas Históricas | ||
| 650 | |a Dramas Cinematográficos | ||
| 650 | |a Cine Norteamericano - |y 2000-2009 | ||
| 650 | |a Cine Norteamericano - |y Siglo XXI | ||
| 650 | |a Racismo - |z EUA - |x Historia | ||
| 650 | |a Discriminación - |z EUA - |x Historia | ||
| 650 | |a Futbol Americano - |z EUA - |x Historia - |y 1961-1963 | ||
| 650 | |a Futbol Americano - |z EUA - |x Historia - |y Siglo XX | ||
| 650 | |a Deportes Profesionales - |z EUA - |x Historia - |y 1961-1963 | ||
| 650 | |a Deportes Profesionales - |z EUA - |x Historia - |y Siglo XX | ||
| 650 | |a Deportes - |z EUA - |x Historia - |y 1961-1963 | ||
| 650 | |a Deportes - |z EUA - |x Historia - |y Siglo XX | ||
| 650 | |a Davis, Ernie - |x Tema Principal | ||
| 650 | |a Schwartzwalder, Ben | ||
| 700 | |a Leavitt, Charles |e (guión) | ||
| 700 | |a Morgenthau, Kramer |e (fotógrafo) | ||
| 700 | |a Murray, Abigail |e (vestuario) | ||
| 700 | |a McKinley, Padraic |e (montaje) | ||
| 700 | |a Steinkamp, William |e (montaje) | ||
| 700 | |a Isham, Mark |e (música) | ||
| 700 | |a Brown, Rob |e (actuación) | ||
| 700 | |a Quaid, Dennis |e (actuación) | ||
| 700 | |a Henson, Darrin Dewitt |e (actuación) | ||
| 910 | |a Fondo General | ||
| 920 | |a Audiovisuales - DVDs | ||
| 940 | |a Películas | ||
| 905 | |a 302 | ||
| 901 | |a 0500398854 |b IT2 |c DVS |i D111786 |u 20250521 | ||
| 902 | |a https://opac.biblio.iteso.mx/vufind/Record/000555687 | ||